00477nam a2200181Ia 450000500170000000800410001704000190005804100120007708200150008910000230010424500630012726000330019030000100022350400190023365000130025265100190026585000110028420231005084232.0131103s9999 xx 000 0 und d aLoreto College aEnglish a297.4bARB aArberry, Arthur J. 3aAn Introduction to the History of SufismcArthur J.Arberry aLondonborient Longmanc1992 a84p.  aIncludes index aReligion aIslam-Religion aLCLIB